000 00750nam a2200193Ia 4500
008 151121s9999||||xx |||||||||||||| ||und||
082 _a920/पाल
082 _bHNW-59641
100 _aपाल बचेन्द्री
245 _aएवरेस्ट मेरी शिखर यात्रा
260 _b"नेशनल बुक ट्रस्ट, इंडिया, न।दिल्ली।"
260 _c--
300 _a61
600 _aपाल बचेन्द्री
630 _aएवरेस्ट मेरी शिखर यात्रा
700 _aपाल बचेन्द्री
730 _aएवरेस्ट मेरी शिखर यात्रा
942 _cBOOK
999 _c1241319
_d1241316